000 00374nam a2200133Ia 4500
008 100328s9999 xx 000 0 und d
082 _b50525
100 _aप्रभावळकर दिलीप
245 _aहाऊज दॅट.
260 _bश्रीकल्प
630 _aहाऊज दॅट.
730 _aहाऊज दॅट.
942 _cBOOK
999 _c537641
_d537638